Asset valuations (Record no. 102883)

MARC details
000 -LEADER
fixed length control field 01882cam a2200313 4500
008 - FIXED-LENGTH DATA ELEMENTS--GENERAL INFORMATION
fixed length control field #DATE n2003 000 0 eng u
020 ## - INTERNATIONAL STANDARD BOOK NUMBER
International Standard Book Number 1904388108
035 ## - SYSTEM CONTROL NUMBER
System control number (Sirsi) u122554
041 ## - LANGUAGE CODE
Language code of text/sound track or separate title eng
050 ## - LIBRARY OF CONGRESS CALL NUMBER
Classification number 333.332
-- 18
100 ## - MAIN ENTRY--PERSONAL NAME
Personal name Baldwin, Richard
245 ## - TITLE STATEMENT
Title Asset valuations
Remainder of title Red Book update 2003. A CPD study pack.
250 ## - EDITION STATEMENT
Edition statement 5th ed.
260 ## - PUBLICATION, DISTRIBUTION, ETC.
Place of publication, distribution, etc. Reading
Name of publisher, distributor, etc. College of Estate Management
Date of publication, distribution, etc. 2003
300 ## - PHYSICAL DESCRIPTION
Extent 40p.
Dimensions 30cm. + 1 audio CD (ca. 60min.)
350 ## - PRICE (NR) (BK AM CF MU VM SE) [OBSOLETE]
Price 41
490 ## - SERIES STATEMENT
Series statement College of Estate Management CPD Study Pack
520 ## - SUMMARY, ETC.
Summary, etc. The aim of this study pack is to enable the reader to be able to recognise those situations where compliance with the RICS Appraisal and Valuation Standards (ISBN 1842191233) is required. Specify procedures and approaches to problems of depreciated replacement cost valuations. Distinguishes internal, external and independent valuers and their roles. Formulate valuation certificates. Consider the requirements of the Financial Services Authority and the City Panel. Provide depreciable amounts for valuation of relevent freehold and long leasehold interests and to be aware of special factors and requirements when valuing assets. This pack is based on the RICS Appraisal and Valuation Standards (the Red Book) updated to May 2003 .
520 ## - SUMMARY, ETC.
Summary, etc. Includes the RICS Soundtrack CD "A guide to the red book (5th edition)" (J12487) which is available to borrow seperately.
520 ## - SUMMARY, ETC.
Summary, etc. Supersedes fourth edition (ISBN 1899769889).
520 ## - SUMMARY, ETC.
Summary, etc. WITHDRAWN BY COLLEGE OF ESTATE MANAGEMENT AUGUST 2005 AS BEING OUT OF DATE
650 ## - SUBJECT ADDED ENTRY--TOPICAL TERM
Topical term or geographic name entry element ASSET VALUATION
650 ## - SUBJECT ADDED ENTRY--TOPICAL TERM
Topical term or geographic name entry element ASSETS
650 ## - SUBJECT ADDED ENTRY--TOPICAL TERM
Topical term or geographic name entry element RICS appraisal and valuation standards
690 ## - LOCAL SUBJECT ADDED ENTRY--TOPICAL TERM (OCLC, RLIN)
Topical term or geographic name as entry element PROPERTY-PROPERTY APPRAISAL AND VALUATION
710 ## - ADDED ENTRY--CORPORATE NAME
Corporate name or jurisdiction name as entry element College of Estate Management
9 (RLIN) 400
710 ## - ADDED ENTRY--CORPORATE NAME
Corporate name or jurisdiction name as entry element Royal Institution of Chartered Surveyors
9 (RLIN) 4900
942 ## - ADDED ENTRY ELEMENTS (KOHA)
Suppress in OPAC 0
Holdings
Withdrawn status Lost status Source of classification or shelving scheme Damaged status Not for loan Home library Current library Shelving location Date acquired Total Checkouts Full call number Barcode Date last seen Copy number Price effective from Koha item type
    Dewey Decimal Classification     London London Basement 31/08/2005   SHELF 330 30068664 06/08/2019 6 06/08/2019 Audio